Exploitable marine ecosystems : Their behavior and management

Gespeichert in:
Bibliographische Detailangaben
1. Verfasser: Laevastu, Taivo
Format: Buch
Sprache:Undetermined
Veröffentlicht: London Fishing News Books 1996
Schlagworte:
Tags: Tag hinzufügen
Keine Tags, Fügen Sie den ersten Tag hinzu!
Thư viện lưu trữ: Trung tâm Học liệu Trường Đại học Cần Thơ
LEADER 00552nam a2200205Ia 4500
001 CTU_69209
008 210402s9999 xx 000 0 und d
020 |b 110 
082 |a 574.5 
082 |b L158 
100 |a Laevastu, Taivo 
245 0 |a Exploitable marine ecosystems : 
245 0 |b Their behavior and management 
245 0 |c Taivo Laevastu 
260 |a London 
260 |b Fishing News Books 
260 |c 1996 
650 |a Fishery management 
904 |i Trúc Phương 
980 |a Trung tâm Học liệu Trường Đại học Cần Thơ